Trend Top 2000 v priemysle
Priemysel na Slovensku - začiatok štruktúrnej adaptácie v rámci procesov ekonomickej integrácie. Strojársky priemysel. Elektrotechnický priemysel. Energetika. Ťažobný priemysel. Hutníctvo. Chemický a farmaceutický priemysel. Stavebníctvo. Drevospracujúci priemysel. Polygrafický priemysel. Spotrebný...
Salvato in:
| Natura: | Capitolo di libro |
|---|---|
| Lingua: | slovacco |
| Soggetti: | |
| Tags: |
Nessun Tag, puoi essere il primo ad aggiungerne!!
|
MARC
| LEADER | 00000naa a2200000 4500 | ||
|---|---|---|---|
| 001 | r039550 | ||
| 005 | 20230921105815.6 | ||
| 041 | 0 | |a slo | |
| 044 | |a SK | ||
| 245 | 1 | 0 | |a Trend Top 2000 v priemysle |
| 520 | |a Priemysel na Slovensku - začiatok štruktúrnej adaptácie v rámci procesov ekonomickej integrácie. Strojársky priemysel. Elektrotechnický priemysel. Energetika. Ťažobný priemysel. Hutníctvo. Chemický a farmaceutický priemysel. Stavebníctvo. Drevospracujúci priemysel. Polygrafický priemysel. Spotrebný priemysel. Sklársky priemysel. Potravinársky priemysel. | ||
| 610 | 2 | 0 | |a priemysel |
| 610 | 2 | 0 | |a priemysel strojársky |
| 610 | 2 | 0 | |a elektrotechnika |
| 610 | 2 | 0 | |a energetika |
| 610 | 2 | 0 | |a priemysel ťažobný |
| 610 | 2 | 0 | |a hutníctvo |
| 610 | 2 | 0 | |a priemysel chemický |
| 610 | 2 | 0 | |a priemysel farmaceutický |
| 610 | 2 | 0 | |a stavebníctvo |
| 610 | 2 | 0 | |a priemysel drevársky |
| 610 | 2 | 0 | |a priemysel polygrafický |
| 610 | 2 | 0 | |a priemysel spotrebný |
| 610 | 2 | 0 | |a priemysel sklársky |
| 610 | 2 | 0 | |a potravinárstvo |
| 610 | 2 | 0 | |a Slovensko |